01855nam a2200289 a 4500001001000000003000900010005001700019007000300036008003700039040003100076082002700107100004600134245009800180264003600278300002700314336002700341337003300368338002800401490003100429505089200460650003401352650004601386651004501432700002201477700002301499710004301522000020168DO-SdBPM20260217073747.0ta100726s2006 dr 000 0 spa d aDO-SdBPMbspacBPMSU drda 4a320.98bF363d 20062221 aFernández, Leonel,d1953-4aut.eautor 10aDemocracia y gobernabilidad /cLeonel Fernández Reyna, Fernando Gamarra, Marcos Villamán. aSanto Domingo :bCONARE,c2006. a40 páginas ;c23 cm. atextobtxt2rdacontent asin mediaciónbn2rdamedia avolumenbnc2rdacarrier0 aCuadernillos de la reforma0 aIntroducción, 7.-- Desafíos de la gobernabilidad en América Latina, 9.-- Más allá del consenso de Washington, 11.-- Responsabilidad de los actores, 13.-- La nueva izquierda latinoamericana, 17.-- ¿Cuán nueva es la Nueva Izquierda y por qué surgió?, 18.-- Las diferentes izquierdas en las Américas, 21.-- La gobernabilidad democrática y la Nueva Izquierda, 23.-- Conclusión, 25.-- Gobernabilidad y gobernanza en la República Dominicana, 27.-- Gobernabilidad y democracia: algunos hitos importantes, 27.-- Gobernabilidad y gobernanza, 29.-- Democracia electoral: importantes puntos ganados, 30.-- Participación, inclusión y gobernabilidad democrática, 31.-- Gobernabilidad democrática y equidad: el déficit pendiente de ciudadanía social, 34.-- Corrupción e impunidad, 36.-- Algunas conclusiones: gobernabilidad y gobernanza, los desafios reales, 36. 7aDemocracia zAmérica Latina 7a Izquierda (política)zAmérica Latina 7aAmérica Latina xPolítica y gobierno1 aGamarra, Fernando1 aVillamán, Marcos2 aConsejo Nacional de Reforma del Estado